| 000 | 00316nam a22001337a 4500 | ||
|---|---|---|---|
| 020 | _qPB. | ||
| 040 | _cFIZZA ISHAQ | ||
| 082 |
_a005.27 _bPET |
||
| 100 |
_aPACHECO,S.PETER. _989351 |
||
| 245 |
_aPARALLEL PROGRAMMING MPF / _cPETER S. PACHECO. |
||
| 260 |
_aLONDON ; _c1997. |
||
| 300 | _a418 P. ; | ||
| 942 |
_2ddc _cBK |
||
| 999 |
_c588119 _d588119 |
||